000 00524nam a2200193 4500
001 3496
005 20181127171330.0
010 0 0 _a
020 0 0 _a
090 0 0 _a657.095498 A1725bhu 2012
100 0 0 _a
245 0 0 _aBhutanese accounting standards :
_bA proposal for implementation.
_c
_h
250 0 0 _a
260 0 0 _aThimphu :
_bAccounting and Auditing Standards Board of Bhutan,
_c2012.
300 0 0 _avi, 90 p. ; 23 cm.
500 0 0 _a
650 0 0 _aAccounting --Standards --Bhutan.
_x
650 0 0 _aAccounting --Standards.
_x
999 _c2837
_d2837